| 000 | 00363nam a22001337a 4500 | ||
|---|---|---|---|
| 020 | _a9789389965810 | ||
| 082 | _a291.172 AHM c1 | ||
| 100 | _aAhmed, Md. Mohiuddin | ||
| 245 | _aChristianity and Islam: Beliefs and Practices | ||
| 260 |
_aNew Delhi _bInstitute of Objective Studies _c2019 |
||
| 300 | _a573 | ||
| 650 | _aChristian-Muslim Relations | ||
| 942 | _cBK | ||
| 999 |
_c22699 _d22699 |
||